000 00753nam a2200241 i 4500
001 9910
003 ES-MaACL
005 20230906145800.0
007 t|
008 940506s1992 xxc ||||1| eng d
020 _a0-7748-0362-2
080 _a82(Lowry,M.3.01)
080 _a82-14"19"
100 1 _aLowry, Malcolm.
_974391
245 1 4 _aThe Collected poetry of Malcolm Lowry /
_cedited and introduced by Kathleen Scherf ; with explanatory annotation by Chris Ackerley.
260 _aVancouver :
_bUBC Press,
_ccop. 1992.
300 _aXVII, 418 p. ;
_c24 cm.
500 _aIndices.
504 _aBibliografía: p. 393-400.
700 1 _aScherf, Kathleen.
_9104313
700 1 _aAckerley, Chris.
_918275
852 _aES-MaACL
_jL-17354
_bR.122522
999 _c9910
_d9910